000 00628nam a22001697a 4500
003 OSt
005 20171010095527.0
008 121004t xxu||||| |||| 00| 0 eng d
040 _aMMSU
_cULS
100 _aLara, Mark Anthony A.
_913084
245 _aEffects of soil from motor shop on the growth of carabao grass (Paspalum conjugatum)
_cMark Anthony A. Lara
260 _c2008
300 _axii, 30 leaves
_c28 cm.
500 _aThesis (BS Environmental Science) -- Mariano Marcos State University-College of Agriculture, Food and Sustainable Development, Batac City
504 _aBibliography: leaf 19
942 _2ddc
_cTHEDIS
999 _c9794
_d9794